000 00472nam a22001457a 4500
008 190311b xxu||||| |||| 00| 0 eng d
022 _a0304-405X
245 _aFinancial market frictions and diversification
_cMatvos, Gregor; Seru, Amit; & Silva, Rui
260 _aAmsterdam
_bElsevier
_cJanuary 2018
300 _apages 21-50
440 _aJournal of Financial Economics
_v 127(1)
_x0304-405X
690 _aConglomerate
690 _aFinancial Market
942 _2lcc
_cSE
999 _c361331
_d361331